NEDEN İNSAN VÜCUDU (Record no. 1008058)

MARC details
000 -LEADER
sabit uzunluktaki kontrol alanı 00248nam a2200097Ia 4500
001 - KONTROL NUMARASI
kontrol alanı 1008058
005 - EN SON İŞLEMİN TARİH VE ZAMANI
kontrol alanı 20250826230617.0
008 - SABİT-UZUNLUKTA VERİ ÖĞELERİ--GENEL BİLGİ
sabit uzunluktaki kontrol alanı 250824s9999 xx 000 0 und d
245 #0 - ESER / YAZAR
ESER ADI NEDEN İNSAN VÜCUDU
Yazar Adı EDA AÇANAL
260 ## - YAYIN, DAĞITIM, VB.
YAYIN EVİ HEP KİTAP YAYINLARI
Holdings
Düşüm durumu Kayıp durumu Hasar Durumu Ödünç verilmez Ana kütüphane Geçerli Kütüphane Edinilen tarih Toplam ödünç verme sayısı Barkod Son görüntüleme tarihi Fiyatın geçerli olmaya başladığı tarih Koha materyal türü
        ABDÜLEZEL PAŞA İMAM HATİP ORTAOKULU ABDÜLEZEL PAŞA İMAM HATİP ORTAOKULU 24.08.2025   1075833 26.08.2025 26.08.2025 Books